000 00375nam a22001337a 4500
082 _a347.072 INA
100 _aInayatullah, M.
245 _aConveyancing:
_bLaw and Precedents /
_cM. Inayatullah
260 _aLahore :
_bP.L.D. Publishers,
_c2019.
300 _a342 p. ;
_c24 cm.
942 _2ddc
_cBK
999 _c587105
_d587105